El evangelio de la no-violencia / (Registro nro. 109514)

Detalles MARC
000 -LEADER
campo de control de longitud fija 00697nam a2200217 i 4500
001 - NÚMERO DE CONTROL
campo de control 109514
003 - IDENTIFICADOR DE NÚMERO DE CONTROL
campo de control ES-MaACL
005 - FECHA Y HORA DE LA ÚLTIMA TRANSACCIÓN
campo de control 20230906184845.0
007 - CAMPO FIJO DE DESCRIPCIÓN FÍSICA--INFORMACIÓN GENERAL
campo de control de longitud fija t|
008 - DATOS DE LONGITUD FIJA--INFORMACIÓN GENERAL
campo de control de longitud fija 061121s1973 sp r ||||1| spa d
100 1# - ENTRADA PRINCIPAL--NOMBRE DE PERSONA
Nombre de persona Müller, Jean-Marie.
9 (RLIN) 84129
245 13 - MENCIÓN DEL TÍTULO
Título El evangelio de la no-violencia /
Mención de responsabilidad, etc. Jean-Marie Muller ; Soledad Carande.
260 ## - PUBLICACIÓN, DISTRIBUCIÓN, ETC.
Lugar de publicación, distribución, etc. Madrid ; Barcelona :
Nombre del editor, distribuidor, etc. Marova : Ferrer i Coll,
Fecha de publicación, distribución, etc. 1973.
300 ## - DESCRIPCIÓN FÍSICA
Extensión 269 p. ;
Dimensiones 18 cm.
490 1# - MENCIÓN DE SERIE
Mención de serie Nuevas fronteras
650 #4 - PUNTO DE ACCESO ADICIONAL DE MATERIA--TÉRMINO DE MATERIA
Término de materia o nombre geográfico como elemento de entrada No violencia-
Subdivisión general Aspectos religiosos-
-- Cristianismo.
9 (RLIN) 152242
700 1# - ENTRADA AGREGADA--NOMBRE PERSONAL
Nombre de persona Carande, Soledad.
9 (RLIN) 34954
830 0# - PUNTO DE ACCESO ADICIONAL DE SERIE-TÍTULO UNIFORME
Título uniforme Nuevas fronteras
9 (RLIN) 183541
852 ## - LOCALIZACIÓN
Ubicación ES-MaACL
Número de control de estantería C-54995
Sublocalización o colección R.87630
Existencias
Estatus retirado Estado de pérdida Estado de daño No para préstamo Biblioteca de origen Biblioteca actual Ubicación en estantería Fecha de adquisición Fuente de adquisición Total de préstamos Signatura topográfica completa Código de barras Visto por última vez Precio de reemplazo Tipo de ítem Koha
        Biblioteca del Ateneo de Madrid Biblioteca del Ateneo de Madrid Depósito 2 17/01/2008     C-54995 1114266 23/02/2023 23/02/2023 Libro impreso